Sylvia beach and the lost generation : (Record no. 17606)
[ view plain ]
| 000 -LEADER | |
|---|---|
| fixed length control field | 01173aam a2200313ui 4500 |
| 001 - CONTROL NUMBER | |
| control field | 011953447 |
| 003 - CONTROL NUMBER IDENTIFIER | |
| control field | EG-ScBUE |
| 005 - DATE AND TIME OF LATEST TRANSACTION | |
| control field | 20240404113504.0 |
| 008 - FIXED-LENGTH DATA ELEMENTS--GENERAL INFORMATION | |
| fixed length control field | 860728s1985 enkac f 001 0beng d |
| 020 ## - INTERNATIONAL STANDARD BOOK NUMBER | |
| International Standard Book Number | 0393302318 (pbk) : |
| 020 ## - INTERNATIONAL STANDARD BOOK NUMBER | |
| International Standard Book Number | 9780393302318 |
| 040 ## - CATALOGING SOURCE | |
| Original cataloging agency | Uk |
| Language of cataloging | eng |
| Description conventions | rda |
| Transcribing agency | Uk |
| Modifying agency | EG-ScBUE |
| 082 04 - DEWEY DECIMAL CLASSIFICATION NUMBER | |
| Classification number | 944.36 |
| Edition number | 22 |
| Item number | FIT |
| 100 1# - MAIN ENTRY--PERSONAL NAME | |
| Personal name | Fitch, Noel Riley, |
| Dates associated with a name | 1937- |
| Relator term | author. |
| 9 (RLIN) | 33931 |
| 245 10 - TITLE STATEMENT | |
| Title | Sylvia beach and the lost generation : |
| Remainder of title | a history of literary Paris in the twenties and thirties / |
| Statement of responsibility, etc | Noel Riley Fitch. |
| 264 #1 - PUBLICATION, DISTRIBUTION, ETC. (IMPRINT) | |
| Place of publication, distribution, etc | New York ; |
| -- | London : |
| Name of publisher, distributor, etc | W. W. Norton & Company, |
| Date of publication, distribution, etc | 1985. |
| 300 ## - PHYSICAL DESCRIPTION | |
| Extent | 447 pages : |
| Other physical details | illustrations, portraits ; |
| Dimensions | 23 cm |
| 336 ## - CONTENT TYPE | |
| Source | rdacontent |
| Content type term | text |
| Content type code | txt |
| 337 ## - MEDIA TYPE | |
| Media type term | unmediated |
| Source | rdamedia |
| Media type code | n |
| 338 ## - CARRIER TYPE | |
| Carrier type term | volume |
| Carrier type code | nc |
| Source | rdacarrier |
| 500 ## - GENERAL NOTE | |
| General note | Originally published: 1983. |
| 500 ## - GENERAL NOTE | |
| General note | Includes index. |
| 600 17 - SUBJECT ADDED ENTRY--PERSONAL NAME | |
| Personal name | Beach, Sylvia, |
| Dates associated with a name | 1887-1962. |
| Source of heading or term | BUEsh |
| 9 (RLIN) | 33932 |
| 650 #7 - SUBJECT ADDED ENTRY--TOPICAL TERM | |
| Topical term or geographic name as entry element | Booksellers and bookselling |
| Geographic subdivision | France |
| General subdivision | Paris |
| -- | Biography. |
| Source of heading or term | BUEsh |
| 9 (RLIN) | 33933 |
| 651 #7 - SUBJECT ADDED ENTRY--GEOGRAPHIC NAME | |
| Geographic name | Paris (France) |
| General subdivision | Intellectual life. |
| Source of heading or term | BUEsh |
| 9 (RLIN) | 33934 |
| 653 ## - INDEX TERM--UNCONTROLLED | |
| Uncontrolled term | France |
| -- | Publishing |
| -- | Beach, Sylvia |
| -- | Biographies |
| Arrived date list | October2013 |
| 655 ## - INDEX TERM--GENRE/FORM | |
| Form subdivision | Reading book |
| 942 ## - ADDED ENTRY ELEMENTS (KOHA) | |
| Source of classification or shelving scheme | Dewey Decimal Classification |
| Koha item type | Book - Borrowing |
| Withdrawn status | Lost status | Source of classification or shelving scheme | Damaged status | Not for loan | Collection code | Home library | Current library | Shelving location | Date acquired | Source of acquisition | Cost, normal purchase price | Serial Enumeration / chronology | Total Checkouts | Full call number | Barcode | Date last seen | Price effective from | Koha item type |
|---|---|---|---|---|---|---|---|---|---|---|---|---|---|---|---|---|---|---|
| Dewey Decimal Classification | Baccah | Central Library | Central Library | Second Floor | 08/10/2013 | Purchase | 219.00 | 18079 | 944.36 FIT | 000029216 | 15/07/2025 | 08/10/2013 | Book - Borrowing |